000 00319nam a22001217a 4500
005 20250820175118.0
008 250820b |||||||| |||| 00| 0 eng d
082 _a005
_bROH-U
100 _aRohan Genrich
245 _aUSQ Microsoft Office 2016 Illustrated
650 _aComputer/Microsoft Office & Windows
999 _c37032
_d37032